| 000 | 01211 a2200373 4500 | ||
|---|---|---|---|
| 001 | 200421534 | ||
| 651 | 0 | 0 |
_9100707 _aTürkiye _xSosyal durum _vSosyal Durum. |
| 999 |
_c200421534 _d41362 |
||
| 003 | TR-AnTOB | ||
| 005 | 20240814073634.0 | ||
| 008 | 160802s 1 tu 000 0 | ||
| 020 | _a9754700575 (2.CİLT) | ||
| 020 | _a975470080X ( TK.NO) | ||
| 040 |
_aTR-AnTOB _btur _erda |
||
| 041 | 0 | _atur | |
| 050 | 0 | 0 |
_aHC492 _b.M33 1990 |
| 090 | _aHC492 .M33 1990 | ||
| 100 | 1 |
_aMardin, Şerif, _d1927-2017 _9103797 |
|
| 245 | 1 | 0 |
_aSiyasal ve sosyal bilimler : _bMakeleler 2 / _cŞerif Mardin ; Derl. ; Mümtazer Türköne, Tuncay Önder. |
| 250 | _athird edition | ||
| 264 |
_aİstanbul: _bİletişim yayınları, _c1994 |
||
| 300 |
_a210 pages. ; _c20 cm. |
||
| 336 |
_atext _2rdacontent |
||
| 337 |
_aunmediated _2rdamedia |
||
| 338 |
_avolume _2rdacarrier |
||
| 504 | _aIncludes index | ||
| 650 | 0 | 0 |
_aSosyal bilimler _zTürkiye _912856 |
| 650 | 0 | 0 |
_aSocial sciences _zTurkey _940828 |
| 651 | 0 | 0 |
_aTurkey _xEconomic conditions _980629 |
| 651 | 0 | 0 |
_aTurkey _xSocial conditions _y1960- _930020 |
| 651 | 0 | 0 |
_aTürkiye _xEkonomik durum _980633 |
| 651 | 0 | 7 |
_aTürkiye _xSiyaset ve yönetim _2 _9120128 |
| 942 | _cBK | ||